| 000 | 01112pam a2200229 a 4500 | ||
|---|---|---|---|
| 020 | _a0792322630 (acidfree paper) | ||
| 082 | 0 | 0 |
_a625.15 _bRAI _cL-37, P-92 |
| 100 |
_aJJ Kalker _947293 |
||
| 245 | 1 | 0 |
_aRail quality and maintenance for modern railway operation : _bInternational Conference on Rail Quality and Maintenance for Modern Railway Operation, Delft, June 1992 / _cedited by J.J. Kalker and D.F. Cannon and O. Orringer. |
| 260 |
_aDordrecht ; _aBoston : _bKluwer Academic Publishers, _cc1993. |
||
| 300 |
_ax, 454 p. : _bill. ; _c25 cm. |
||
| 500 | _aPapers from the International Conference on Rail Quality and Maintenance for Modern Railway Operations, held in June 1992 at the Technical University, Delft. | ||
| 526 |
_a0 _b0 _c0 _d625_150000000000000_RAI |
||
| 650 | 0 |
_aMCE _9379 |
|
| 650 | 0 |
_aRailroad rails _937734 |
|
| 700 | 1 |
_aCannon, D. F. _937735 |
|
| 700 | 1 |
_aKalker, J. J. _937736 |
|
| 700 | 1 |
_aOrringer, Oscar. _937737 |
|
| 856 | 4 | 1 | _uhttp://www.loc.gov/catdir/enhancements/fy0822/93000893-t.html |
| 856 | 4 | 2 | _uhttp://www.loc.gov/catdir/enhancements/fy0822/93000893-d.html |
| 942 |
_2ddc _cBK |
||
| 999 |
_c550587 _d550587 |
||